• 首页
  • 本馆介绍
  • 公告通知
  • 最新文献
  • 馆藏检索
  • 电子资源
  • 读者导购
  • 参考咨询
  • 我的图书馆
  • 登录
  • 详细信息显示
  • 放入我的书架
  • 预约/预借图书
  • 作者相关作品
  • 分类相关作品
  • 丛书相关作品
  • 出版社相关作品

书目信息

  • 表格格式
  • 工作单格式
  • 卡片格式
题名:
向鲁迅学习
    
 
作者: 唐弢 著
分册:  
出版信息: 上海   平明出版社  1953
页数: 147页
开本: 18cm
丛书名:
单 册:
中图分类: I210.96
科图分类:
主题词: 学习鲁迅
电子资源:
ISBN:
000 00543cam0 2200217 450
001 0105646313
005 20070228123740.0
010    @dCNY0.44
100    @a19970526d1953 em y0chiy0120 ea
101 0  @achi
102    @aCN@b310000
105    @ay z 000yy
106    @ar
200 1  @a向鲁迅学习@9Xiang Lu Xun Xue Xi @f唐弢著@b专著
210    @a上海@c平明出版社@d1953
215    @a147页@d18cm
606 0  @a学习鲁迅
690    @aI210.96@v3
701  0 @a唐弢@4著@9tang tao
801  0 @aCN@bAiZhiMarc
905    @aBZT@dI210.96@e5@f1@sI210.96/5
    
    向鲁迅学习/唐弢著.-上海:平明出版社,1953
    147页;18cm
    
    
    ISBN :CNY0.44
    
●
相关链接 在五车中查询图书 在当当中查询图书 在豆瓣中查询图书


正题名:向鲁迅学习     索取号:I210.96/5         预约/预借

序号 登录号 条形码 馆藏地/架位号 状态 备注
1 2000132021   2000132021   旧书回溯/ [索取号:I210.96/5] 在馆    
山东省滨州职业学院图书馆 欢迎您!
大连网信软件有限公司© 版权所有